| 000 | 00381 a2200121 4500 | ||
|---|---|---|---|
| 040 |
_aDLC _bDLC |
||
| 082 | _a621.3815 TAJ | ||
| 100 | _aTajammul Hussain, Dr. | ||
| 245 |
_aCircuit Theory: Lectures 1-45, PHY-301, (04 CD's) _cDr. Tajammul Hussain |
||
| 260 |
_aLahore _bVirtual University _c2005 |
||
| 500 | _aLectures 1-10, 11-24, 25-36, 37-45 (04 CD's) | ||
| 942 |
_cCD _k621.3815 TAJ _2ddc |
||
| 999 |
_c9682 _d9682 |
||